The Mariner's handbook / (Record no. 42)

000 -LEADER
fixed length control field 00543nam a2200181Ia 4500
008 - FIXED-LENGTH DATA ELEMENTS--GENERAL INFORMATION
fixed length control field 190719s9999||||xx |||||||||||||| ||und||
020 ## - INTERNATIONAL STANDARD BOOK NUMBER
International Standard Book Number 9780707741802
Terms of availability £ 59.60
040 ## - CATALOGING SOURCE
Original cataloging agency IMU Kochi
082 04 - DEWEY DECIMAL CLASSIFICATION NUMBER
Classification number 623.890202
Item number Un314
110 ## - MAIN ENTRY--CORPORATE NAME
Corporate name or jurisdiction name as entry element Great Britain.
Subordinate unit Hydrographic Office
245 #4 - TITLE STATEMENT
Title The Mariner's handbook /
Statement of responsibility, etc. United Kingdom Hydrographic Office
250 ## - EDITION STATEMENT
Edition statement 11th ed.
260 ## - PUBLICATION, DISTRIBUTION, ETC.
Place of publication, distribution, etc. :
Name of publisher, distributor, etc. United Kingdom Hydrographic Office ,
Date of publication, distribution, etc. 2016
300 ## - PHYSICAL DESCRIPTION
Dimensions ;
490 ## - SERIES STATEMENT
Series statement NP
Volume/sequential designation 100
650 ## - SUBJECT ADDED ENTRY--TOPICAL TERM
Topical term or geographic name entry element Navigation
Form subdivision Handbooks, manuals, etc.
942 ## - ADDED ENTRY ELEMENTS (KOHA)
Source of classification or shelving scheme
Koha item type Books
Holdings
Withdrawn status Lost status Damaged status Not for loan Collection code Permanent Location Current Location Shelving location Date acquired Source of acquisition Cost, normal purchase price Total Checkouts Full call number Barcode Date last seen Date last checked out Price effective from Koha item type Public note
        Nautical Science IMU Kochi Library IMU Kochi Library Reference 2017-06-16 Sterling Book House 5149.44 26 623.890202 Un314 BK004335 2025-02-25 2025-01-28 2019-07-19 Books Shelf-4, Row-1
        Nautical Science IMU Kochi Library IMU Kochi Library Reference 2017-06-16 Sterling Book House 5149.44 4 623.890202 Un314 BK004336 2023-08-23 2023-08-23 2019-07-19 Books Shelf-4, Row-1
        Nautical Science IMU Kochi Library IMU Kochi Library Reference 2017-06-15 Excel Books Pvt. Ltd. 4943.00 17 623.890202 Un314 BK004568 2024-09-06 2024-09-06 2019-07-19 Books Shelf-4, Row-1
        Nautical Science IMU Kochi Library IMU Kochi Library Reference 2017-06-15 Excel Books Pvt. Ltd. 4943.00 6 623.890202 Un314 BK004569 2023-05-02 2023-05-02 2019-07-19 Books Shelf-4, Row-1


Copyright © All Rights Reserved by Indian Maritime University, Kochi Campus.
For any Suggestions/Query Contact to library or Email: library.kochi@imu.ac.in Ph:(0484)-2989402
(Web OPAC Designed by Rudra Ranjan. Maintained by IMU Kochi Library)

Powered by Koha